Statistics for City by Car Brands

Click here to take the quiz!

General Stats

  • This quiz has been taken 153 times
  • The average score is 9 of 30

Answer Stats

BrandAnswer% Correct
ChevyDetroit, USA
79%
MitsubishiTokyo, Japan
67%
BMWMunich, Germany
60%
HyundaiSeoul, South Korea
53%
Alfa RomeoMilan, Italy
44%
KiaSeoul, South Korea
44%
PorscheStuttgart, Germany
44%
HondaTokyo, Japan
44%
SkodaPrague, Czech Republic
40%
VolkswagenWolfsburg, Germany
40%
Mercedes-BenzStuttgart, Germany
36%
FiatTurin, Italy
36%
SubaruTokyo, Japan
33%
Tata MotorsMumbai, India
32%
FerrariMaranello, Italy
28%
HoldenMelbourne, Australia
28%
AudiIngolstadt, Germany
26%
VolvoGothenburg, Sweden
24%
ToyotaToyota, Japan
22%
FordDearborn, Michigan
17%
MazdaHiroshima, Japan
17%
LamborghiniBologna, Italy
16%
JaguarCoventry, England
16%
NissanYokohama, Japan
15%
JeepToledo, USA
8%
SaabTrollhattan, Sweden
7%
LotusNorwich, England
6%
Rolls RoyceChichester, England
4%
LexusNagoya, Japan
4%
SuzukiShizuoka, Japan
2%

Score Distribution

Percentile by Number Answered

Percent of People with Each Score

Your Score History

You have not taken this quiz